The ICE arbitration procedure 2006 (Record no. 79687)
[ view plain ]
| 000 -LEADER | |
|---|---|
| fixed length control field | 01081cab a22002055a 4500 |
| 001 - CONTROL NUMBER | |
| control field | L141984 |
| 008 - FIXED-LENGTH DATA ELEMENTS--GENERAL INFORMATION | |
| fixed length control field | 080117s2007 xxkad f 000 0 eng d |
| 035 ## - SYSTEM CONTROL NUMBER | |
| System control number | (Sirsi) u141984 |
| 041 0# - LANGUAGE CODE | |
| Language code of text/sound track or separate title | eng |
| 100 1# - MAIN ENTRY--PERSONAL NAME | |
| Personal name | Tait, J. N. |
| 245 04 - TITLE STATEMENT | |
| Title | The ICE arbitration procedure 2006 |
| 260 ## - PUBLICATION, DISTRIBUTION, ETC. | |
| Date of publication, distribution, etc. | 2007 |
| 490 #0 - SERIES STATEMENT | |
| Series statement | Proceedings of the Institution of Civil Engineers |
| -- | Management, Procurement and Law |
| Volume/sequential designation | 160(MP3) August 2007, 117-127(11) |
| 520 ## - SUMMARY, ETC. | |
| Summary, etc. | Discusses the fourth ICE Arbitration Procedure 2006. Explains the reasons why a new procedure was needed and the background to it. Provides a detailed commentary on the new rules introduced since 1997. Concludes that the fourth procedure follows the same format as previous procedures, but introduces compulsory procedures for disputes which can only be changed with the agreement of all parties and the arbitrator. |
| 590 ## - LOCAL NOTE (RLIN) | |
| Local note | KA |
| 650 24 - SUBJECT ADDED ENTRY--TOPICAL TERM | |
| Topical term or geographic name entry element | ICE ARBITRATION PROCEDURE 2006 |
| 651 #4 - SUBJECT ADDED ENTRY--GEOGRAPHIC NAME | |
| Geographic name | United Kingdom |
| Chronological subdivision | |
| 690 ## - LOCAL SUBJECT ADDED ENTRY--TOPICAL TERM (OCLC, RLIN) | |
| Topical term or geographic name as entry element | MANAGEMENT-DISPUTE AVOIDANCE, MANAGEMENT AND RESOLUTION-DISPUTE MANAGEMENT AND RESOLUTION-ARBITRATION |
| 942 ## - ADDED ENTRY ELEMENTS (KOHA) | |
| Suppress in OPAC | 0 |
| Withdrawn status | Lost status | Source of classification or shelving scheme | Damaged status | Not for loan | Home library | Current library | Shelving location | Date acquired | Total Checkouts | Full call number | Barcode | Date last seen | Copy number | Price effective from | Koha item type |
|---|---|---|---|---|---|---|---|---|---|---|---|---|---|---|---|
| Dewey Decimal Classification | London | London | Journal article | 17/01/2008 | L141984 | 141984-1001 | 06/08/2019 | 1 | 06/08/2019 | Journal article |